1910 : la Universidad Nacional y el Barrio Universitario /

En esta obra se recuperan los principales componentes del entorno social y cultural del Barrio Universitario durante los primeros años de lo que hoy es la Universidad Nacional Autónoma de México, un espacio en el centro de la Ciudad de México donde se localizaban las primeras escuelas que la integra...

Fuld beskrivelse

Guardado en:
Bibliografiske detaljer
Hovedforfatter: Martínez Assad, Carlos (coordinación)
Andre forfattere: Ziccardi, Alicia (coordinación) (coordinación), Narro Robles, José (prólogo) (prólogo)
Format: Bog
Sprog:spansk
Udgivet: México : UNAM, Coordinación de Humanidades, Programa Universitario de Estudios sobre la Ciudad, 2011, c2010
Fag:
Tags: Tilføj Tag
Ingen Tags, Vær først til at tagge denne postø!

MARC

LEADER 00000nam^a2200000^a^4500
001 000588834
005 20250521000000.0
009 20260310132838.095
020 |a 978-607-02-1980-1 
037 |a Acervo ITESO - Biblioteca 
041 |a ESP 
082 |a 378. 72532  |b MAR 
100 |a Martínez Assad, Carlos  |e (coordinación) 
245 1 0 |a 1910 :  |b la Universidad Nacional y el Barrio Universitario /  |c Coord. e introd. de C. Martínez Assad, A. Ziccardi ; pról. de J. Narro Robles. 
264 4 |a México :  |b UNAM, Coordinación de Humanidades, Programa Universitario de Estudios sobre la Ciudad,  |c 2011, c2010 
300 |a 171 p. :  |b tapa dura +  |e 1 disco compacto de computadora 
336 |a texto  |b txt  |2 rdacontenido 
337 |a sin mediación  |b n  |2 rdamedio 
338 |a volumen  |b nc  |2 rdasoporte 
520 |a En esta obra se recuperan los principales componentes del entorno social y cultural del Barrio Universitario durante los primeros años de lo que hoy es la Universidad Nacional Autónoma de México, un espacio en el centro de la Ciudad de México donde se localizaban las primeras escuelas que la integraron. Reconstruir la historia del vínculo que creó la Universidad Nacional en 1910 con su entorno, permite comprender la construcción de su identidad y el sentido de pertenencia que posee a día de hoy la comunidad universitaria; también se acompañan a los textos una serie de fotografías de las instalaciones, las calles y las fachadas de los edificios de aquella época. 
649 |a XX 
650 |a UNAM -  |x Historia -  |y 1910-1919 -  |x Fotografías 
650 |a UNAM -  |x Historia -  |y 1910-1919 -  |x Tema Principal 
650 |a Bibliotecas Universitarias -  |z México (Ciudad) -  |x Historia -  |y 1910-1919 
650 |a Universidades Públicas -  |z México (Ciudad) -  |x Historia -  |y 1910-1919 
650 |a Librerías -  |z México (Ciudad) -  |x Historia -  |y 1910-1919 
650 |a Edificios Públicos -  |z México (Ciudad) -  |x Historia -  |y 1910-1919 
650 |a Centros Históricos -  |z México (Ciudad) -  |x Historia -  |y 1910-1919 
650 |a México (Ciudad) -  |x Historia -  |y 1910-1919 -  |x Fotografías 
650 |a México (Ciudad) -  |x Historia -  |y 1910-1919 
650 |a México -  |x Historia -  |y 1910-1919 
650 |a México -  |x Historia -  |y Siglo XX 
700 |a Ziccardi, Alicia  |e (coordinación) 
700 |a Narro Robles, José  |e (prólogo) 
910 |a Fondo General 
920 |a Impresos - Libros 
930 |a Reserva Especial 
905 |a 103 
901 |a 0500414606  |b IT1  |c REE  |i C135181  |u 20250521 
901 |a 0500414612  |b IT2  |c SWS  |i C  |u 20250521 
902 |a https://opac.biblio.iteso.mx/vufind/Record/000588834